000 00276nam a2200121 a 4500
008 101208s1961|||| d
100 1 _aŠtraus, Tomáš
245 1 0 _aJúlius Nemčík
044 _axo
_cSK
041 _aslo
020 _c30
260 _bVSFVU
_aBratislava
_c1961
999 _c14863
_d14863